000 00644 a2200265 4500
260 _aVilleurbanne
630 _a57 - Biologie
037 _b3, Achat
650 _a5 - SCIENCES EXACTES ET NATURELLES
100 _aLouisot, Pierre
260 _bSimep Editions
245 _aCours de biochimie structurale : 4. Lipides et dérivés isopréniques
300 _a87 p
650 _aBiochimie
260 _c1974
100 _lFr
440 _aBiochimie
037 _aS 4021
037 _aS 4024
037 _aS 11534
250 _a2e éd. revue, corrigée et augmentée
020 _a2-85334-103-8
999 _c41605
_d41605